000 01356nam0a22002771i 4500
001 rc\3588891
005 20240726080848.0
021 _aRU
_b[73-16258а]
035 _a(NLR Aleph) 007807767
090 _a7703482
_c7703482
100 _a20130115d1973 |||y0rusy50 ca
101 0 _arus
102 _aRU
105 _ay d |||||
200 1 _aРитмика коры надпочечников при гипертонической болезни и болезни Иценко-Кушинга
_e(Клинико-лаб. исследование)
_eАвтореф. дис. на соиск. учен. степени канд. мед. наук
_e(14.00.05)
_fКазан. гос. мед. ин-т им. С.В. Курашова
210 _aКазань
_d1973
215 _a16 с.
320 _aСписок работ авт.: с. 16 (5 назв.)
606 _aИценко-Кушинга болезнь
_xЭндокринные железы
_2psbo
606 _aНадпочечники
_xПри патологических состояниях
_2psbo
606 _aГипертоническая болезнь и гипертония
_xЭндокринные железы
_2psbo
700 1 _aПомощникова
_bН.И.
_gНина Иустиновна
801 0 _aRU
_bNLR
_gpsbo
801 1 _aRU
_bELAR
_2rusmarc
852 _aNLR
_j73-4/34586
942 _cBOOK